000 00709nas a2200241 4500
001 BR9602229
003 BR-BrBNA
005 20231205095734.0
007 ta
008 230509b bl.|||p| |||| 00| 00por d
040 _aBR-BrBNA
_bpor
_cBiblioteca Nacional de Agricultura
041 _a(Pt)
072 _aP40
100 1 _aAssis, F.N. de
100 1 _aVilla Nova, N.A.
245 1 _aModelagem da ocorrencia e da quantidade de chuva em Piracicaba
650 _aChuva
650 _aModelo Matematico
650 _aSao Paulo
773 0 _tScientia Agricola (Brazil)
_xISSN 0103-9016
_g(Jan-Apr 1995), v. 52(1) p. 172-182
_wBR9602229
909 _a202311
_bLúcia
_c55
_dLúcia Elande
942 _2AGRIS
_n0
_cANA
999 _c152449
_d152449